000
00341nam a2200133Ia 4500
008
240624s9999 xx 000 0 und d
041
_a
eng
082
_a
363.700922 GRA
100
_a
GRAHAM KEVIN
245
_a
ENVIRONMENTAL HEROES SUCCESS STORIES OF
260
_c
2000
_a
New Delhi
_b
Macmillan
300
_a
ix, : 244 : cm. ; 21
365
_c
RS
999
_c
2142
_d
2142